[Event "XX Festival A"]
[Site "Porto San Giorgio ITA"]
[Date "2008.08.24"]
[Round "4"]
[White "Navarro, Stefano"]
[Black "Estremera Panos, Sergio"]
[Result "1-0"]
[WhiteElo "2259"]
[BlackElo "2394"]
[PlyCount "129"]
[EventDate "2008.08.21"]

1. e4 e5 2. Nf3 Nc6 3. Bc4 Bc5 4. c3 Nf6 5. d4 exd4 6. cxd4 Bb4+ 7. Bd2 Bxd2+
8. Nbxd2 d5 9. exd5 Nxd5 10. Qb3 Na5 11. Qa4+ Nc6 12. Qb3 Nce7 13. O-O O-O 14.
Rfe1 c6 15. Ne5 Qb6 16. Qxb6 axb6 17. Ne4 Rd8 18. Ng5 f6 19. Nef3 Nf5 20. Ne6
Bxe6 21. Rxe6 Kf7 22. Rae1 Rd6 23. R6e4 Rd7 24. Rf4 Nfe7 25. Ne5+ Ke8 26. Nxd7
Nxf4 27. Nxb6 Rd8 28. Rd1 Nfd5 29. Nxd5 Nxd5 30. Kf1 Ke7 31. Bxd5 Rxd5 32. Ke2
Kd6 33. Ke3 Rh5 34. h3 Rg5 35. g4 Ra5 36. a3 Kd5 37. Rd3 Ra4 38. f3 g6 39. h4
b6 40. Rd2 Rc4 41. g5 f5 42. h5 gxh5 43. Rh2 Rxd4 44. Rxh5 f4+ 45. Ke2 Kc4 46.
Rxh7 Kb3 47. g6 Rd6 48. Rb7 Rxg6 49. Rxb6+ Kc2 50. b4 Rd6 51. a4 Rh6 52. a5
Rh2+ 53. Kf1 Kb3 54. a6 Ra2 55. Rxc6 Kxb4 56. Rf6 Kc3 57. Rxf4 Rxa6 58. Kf2 Kd3
59. Re4 Rg6 60. Ra4 Rg8 61. f4 Rb8 62. Kf3 Rb1 63. f5 Rg1 64. Kf4 Rh1 65. Kg5
1-0

[Event "XX Festival A"]
[Site "Porto San Giorgio ITA"]
[Date "2008.08.24"]
[Round "4"]
[White "Rettore, Ludwig"]
[Black "Giancotti, Eraldo"]
[Result "0-1"]
[WhiteElo "2230"]
[BlackElo "2092"]
[PlyCount "76"]
[EventDate "2008.08.21"]

1. e4 e6 2. d4 d5 3. Nc3 Nf6 4. Bg5 Bb4 5. e5 h6 6. Bd2 Bxc3 7. bxc3 Ne4 8. Qg4
g6 9. Bd3 Nxd2 10. Kxd2 c5 11. Nf3 c4 12. Be2 Bd7 13. Qf4 Bc6 14. h4 Nd7 15.
Nh2 Qe7 16. Ng4 h5 17. Nf6+ Nxf6 18. exf6 Qa3 19. Qc7 Rd8 20. Qe5 Kd7 21. g4
hxg4 22. Bxg4 b5 23. Rab1 a5 24. h5 b4 25. cxb4 axb4 26. Rh3 c3+ 27. Kd1 gxh5
28. Bxh5 Ba4 29. Rc1 Rdg8 30. Rg3 Rxg3 31. fxg3 Qxa2 32. Qe2 Rxh5 33. Qxh5
Bxc2+ 34. Ke1 Bg6 35. Qd1 b3 36. Rxc3 b2 37. Rc1 bxc1=Q 38. Qxc1 Qb1 0-1

[Event "XX Festival A"]
[Site "Porto San Giorgio ITA"]
[Date "2008.08.24"]
[Round "4"]
[White "Rinaudo, Sergio"]
[Black "Di Mantino, Mauro"]
[Result "1-0"]
[WhiteElo "2116"]
[BlackElo "1965"]
[PlyCount "53"]
[EventDate "2008.08.21"]

1. Nf3 Nf6 2. d4 g6 3. Nbd2 Bg7 4. e4 d6 5. Bd3 Nc6 6. O-O O-O 7. c3 e5 8. dxe5
dxe5 9. Nc4 Qe7 10. Bg5 h6 11. Bh4 Rd8 12. Qc2 g5 13. Bg3 Nh5 14. Ne3 Be6 15.
Rfd1 a5 16. Bb5 Nxg3 17. hxg3 Qc5 18. a4 Ne7 19. g4 c6 20. Be2 Qb6 21. Bc4 Bxc4
22. Nxc4 Qc5 23. Ne3 Qb6 24. Qe2 Qb3 25. Qc4 Qxb2 26. Rdb1 b5 27. Qc5 1-0

[Event "XX Festival A"]
[Site "Porto San Giorgio ITA"]
[Date "2008.08.24"]
[Round "4"]
[White "Saccona, Silvano"]
[Black "Di Bello, Nicolo'"]
[Result "1-0"]
[WhiteElo "2168"]
[BlackElo "2046"]
[PlyCount "115"]
[EventDate "2008.08.21"]

1. d4 Nf6 2. Nf3 b6 3. c4 e6 4. Nc3 Bb7 5. e3 Ne4 6. Qc2 Bb4 7. a3 Bxc3+ 8.
bxc3 O-O 9. Bd3 f5 10. O-O d6 11. Nd2 Ng5 12. f4 Nf7 13. Be2 Nd7 14. Bf3 Bxf3
15. Nxf3 Nf6 16. a4 a5 17. Ba3 Nh6 18. Ng5 Re8 19. c5 bxc5 20. dxc5 Nhg4 21.
Rfe1 h6 22. Nf3 Ne4 23. h3 Ngf6 24. Rad1 Rb8 25. c4 Qe7 26. Nd4 Qd7 27. cxd6
cxd6 28. Nb5 d5 29. c5 Rec8 30. Rc1 Qb7 31. c6 Qb6 32. Nd4 Kf7 33. Rb1 Qc7 34.
Nb5 Qxc6 35. Qxc6 Rxc6 36. Nd6+ Nxd6 37. Rxb8 Nc4 38. Rc1 Ne4 39. Rb7+ Kg6 40.
Bb2 Nf6 41. Bd4 Rc8 42. Kh2 Rc6 43. Ra7 Rc8 44. Rxa5 Rb8 45. Rb5 Ra8 46. Ra1
Ne4 47. Rb7 Nf6 48. a5 Rxa5 49. Rxa5 Nxa5 50. Re7 Nc6 51. Rxe6 Nxd4 52. exd4
Kf7 53. Re5 Kg6 54. Kg3 Ne4+ 55. Kf3 Nf6 56. Ke3 h5 57. Kf3 h4 58. Ke3 1-0

[Event "XX Festival A"]
[Site "Porto San Giorgio ITA"]
[Date "2008.08.24"]
[Round "4"]
[White "Sautto, Daniele"]
[Black "Ortega, Lexy"]
[Result "1-0"]
[WhiteElo "2206"]
[BlackElo "2456"]
[PlyCount "101"]
[EventDate "2008.08.21"]

1. e4 Nc6 2. Nf3 e5 3. Bb5 Nf6 4. O-O Nxe4 5. Re1 Nd6 6. Nxe5 Be7 7. Bf1 Nxe5
8. Rxe5 O-O 9. d4 Bf6 10. Re1 Nf5 11. c3 d5 12. Bf4 c6 13. Nd2 Nh4 14. Bg3 Nf5
15. Bf4 a5 16. a4 Be6 17. Qb3 b6 18. Nf3 c5 19. Be5 Be7 20. Rac1 Nd6 21. Bxd6
Bxd6 22. c4 cxd4 23. Nxd4 Bxh2+ 24. Kh1 Bf4 25. Nxe6 fxe6 26. Rcd1 Qh4+ 27. Qh3
Qxf2 28. Bd3 Bh6 29. Re2 Qf4 30. Qxe6+ Kh8 31. cxd5 Qh4+ 32. Kg1 Qd4+ 33. Kh1
Qh4+ 34. Kg1 Qd4+ 35. Kh1 Qxa4 36. Bc2 Qh4+ 37. Kg1 g6 38. Qh3 Qg5 39. d6 Bg7
40. d7 Bxb2 41. Be4 Qe5 42. Bf3 Qb5 43. Rxb2 Qxb2 44. Bxa8 Qf2+ 45. Kh1 Qf6 46.
Qf3 Qh4+ 47. Kg1 Rd8 48. Qc3+ Kg8 49. Bd5+ Kf8 50. Rf1+ Ke7 51. Qe5+ 1-0

[Event "XX Festival A"]
[Site "Porto San Giorgio ITA"]
[Date "2008.08.24"]
[Round "4"]
[White "Stromboli, Carlo"]
[Black "Jovanic, Ognjen"]
[Result "1/2-1/2"]
[WhiteElo "2263"]
[BlackElo "2493"]
[PlyCount "85"]
[EventDate "2008.08.21"]

1. e4 c5 2. Nf3 e6 3. d4 cxd4 4. Nxd4 Nc6 5. Nc3 Qc7 6. Be3 a6 7. Bd3 Nf6 8.
O-O Ne5 9. Nf3 Nfg4 10. Nxe5 Nxe3 11. Qh5 g6 12. Qf3 Qxe5 13. fxe3 f6 14. Qxf6
Qxf6 15. Rxf6 Bg7 16. Rf3 b5 17. Raf1 b4 18. Nd1 Be5 19. b3 h5 20. Nf2 g5 21.
g4 Bxh2+ 22. Kg2 Bc7 23. gxh5 Rxh5 24. e5 Rh8 25. Bg6+ Kd8 26. Be4 Ra7 27. Ng4
Bb7 28. Bxb7 Rxb7 29. Rf8+ Rxf8 30. Rxf8+ Ke7 31. Rg8 Rb5 32. Rg7+ Kf8 33. Rxg5
d6 34. Kf3 dxe5 35. Rg6 Kf7 36. Rh6 Rc5 37. Ke4 Rxc2 38. Nxe5+ Bxe5 39. Kxe5
Rc5+ 40. Ke4 Rc2 41. Ke5 Rc5+ 42. Ke4 Rc2 43. Ke5 1/2-1/2

[Event "XX Festival A"]
[Site "Porto San Giorgio ITA"]
[Date "2008.08.24"]
[Round "4"]
[White "Suppa, Ercole"]
[Black "Della Corte, Alessandro"]
[Result "1/2-1/2"]
[WhiteElo "2119"]
[BlackElo "2247"]
[PlyCount "42"]
[EventDate "2008.08.21"]

1. d4 d5 2. e3 Nf6 3. Bd3 Nc6 4. Nf3 Bg4 5. c3 e5 6. dxe5 Nxe5 7. Be2 Bxf3 8.
Bxf3 Qd7 9. Be2 O-O-O 10. Qd4 Nc6 11. Qa4 Ne4 12. Nd2 Nc5 13. Qc2 f5 14. g3 g5
15. Nf3 Ne4 16. Bd2 f4 17. exf4 gxf4 18. Bxf4 Bc5 19. Rf1 Rhe8 20. O-O-O Nxf2
21. Bd3 Nxd3+ 1/2-1/2

[Event "XX Festival A"]
[Site "Porto San Giorgio ITA"]
[Date "2008.08.24"]
[Round "4"]
[White "Tommaselli, Giacomo"]
[Black "Piva, Giorgio"]
[Result "0-1"]
[WhiteElo "2018"]
[BlackElo "2167"]
[PlyCount "70"]
[EventDate "2008.08.21"]

1. d4 d5 2. Nf3 Nc6 3. Bg5 f6 4. Bh4 Nh6 5. e3 Nf5 6. c3 g6 7. Bd3 Nxh4 8. Nxh4
Bg7 9. f4 e5 10. f5 g5 11. Qh5+ Kf8 12. Nf3 e4 13. Nxg5 fxg5 14. f6 Bxf6 15.
Bb5 Kg7 16. O-O a6 17. Ba4 Qe8 18. Qe2 Rf8 19. Nd2 Nxd4 20. Qd1 Nc6 21. c4 Be6
22. cxd5 Bxd5 23. h4 h6 24. Qg4 Rd8 25. Rf2 b5 26. Bc2 Ne5 27. Qg3 Nd3 28. Bxd3
exd3 29. Qxc7+ Rd7 30. Qb6 Qe6 31. Qc5 Rdf7 32. e4 Bxe4 33. Re1 Qd5 34. Nxe4
Qxc5 35. Nxc5 Bd4 0-1

[Event "XX Festival A"]
[Site "Porto San Giorgio ITA"]
[Date "2008.08.24"]
[Round "4"]
[White "Trent, Lawrence"]
[Black "Parpinel, Marco"]
[Result "1-0"]
[WhiteElo "2470"]
[BlackElo "2159"]
[PlyCount "59"]
[EventDate "2008.08.21"]

1. e4 Nc6 2. Nf3 f5 3. exf5 d5 4. Bb5 Bxf5 5. Ne5 Qd6 6. d4 Nf6 7. O-O Nd7 8.
Bf4 Ncxe5 9. Bxe5 Qb6 10. Bxd7+ Kxd7 11. Nc3 e6 12. Qf3 Qc6 13. Ne2 Bd6 14. Qg3
Rag8 15. Rac1 Qc4 16. Rfe1 Qxa2 17. Bxd6 cxd6 18. Ra1 Qc4 19. Rxa7 Qb4 20. Nc3
Bxc2 21. Rea1 Bg6 22. h4 Ke7 23. h5 Be8 24. Qg5+ Kf7 25. Nxd5 exd5 26. Qxd5+
Kf6 27. Rxb7 Qxb7 28. Qxb7 Bxh5 29. Ra7 Kg5 30. Qe7+ 1-0

[Event "XX Festival A"]
[Site "Porto San Giorgio ITA"]
[Date "2008.08.24"]
[Round "4"]
[White "Vezzani, Stefano"]
[Black "Marozzi, Giovanni"]
[Result "1-0"]
[WhiteElo "2161"]
[BlackElo "2041"]
[PlyCount "49"]
[EventDate "2008.08.21"]

1. g3 e5 2. Bg2 d5 3. c4 d4 4. d3 Bc5 5. Nf3 Nc6 6. O-O Nge7 7. Nbd2 a5 8. Ne1
Bf5 9. Nc2 Qd7 10. Re1 a4 11. Rb1 O-O 12. b4 axb3 13. axb3 Qd6 14. Ne4 Bxe4 15.
Bxe4 f5 16. Bf3 Ra2 17. b4 Nxb4 18. Nxb4 Bxb4 19. c5 Qxc5 20. Qb3+ Kh8 21. Qxb4
Qxb4 22. Rxb4 b6 23. Bb2 Rb8 24. Rc1 c6 25. Bxc6 1-0

[Event "XX Festival A"]
[Site "Porto San Giorgio ITA"]
[Date "2008.08.25"]
[Round "5"]
[White "Agrifoglio, Fabio"]
[Black "Di Donatantonio, Franco"]
[Result "0-1"]
[WhiteElo "2017"]
[BlackElo "2135"]
[PlyCount "168"]
[EventDate "2008.08.21"]

1. d4 d6 2. Nf3 Nd7 3. e4 e5 4. c3 Be7 5. Bd3 Ngf6 6. O-O O-O 7. Re1 Re8 8.
Nbd2 c6 9. Nf1 Qc7 10. Bg5 Nf8 11. Ne3 Ng6 12. Nf5 h6 13. Bc1 Bf8 14. Ng3 Be6
15. c4 Rad8 16. d5 Bg4 17. h3 Bd7 18. Ne2 cxd5 19. cxd5 Nxd5 20. exd5 e4 21.
Bxe4 Rxe4 22. Be3 Qa5 23. Nc3 Ree8 24. Qd4 Ra8 25. Ne4 f5 26. Ng3 f4 27. Bd2
Qc5 28. Nh5 Qxd4 29. Nxd4 Re5 30. Nxf4 Nxf4 31. Bxf4 Rxd5 32. Ne6 Bxe6 33. Rxe6
Rc8 34. Re2 g5 35. Rd2 Rxd2 36. Bxd2 Rc2 37. Be3 Rxb2 38. Bxa7 Bg7 39. a4 Rxf2
40. Rc1 Ra2 41. Rc8+ Kf7 42. Rc7+ Kg6 43. Rxb7 Rxa4 44. Kf1 Ra2 45. Be3 Be5 46.
Rb3 Kf5 47. Bb6 h5 48. Rf3+ Ke6 49. Rf2 Ra1+ 50. Ke2 g4 51. Rf8 Ra2+ 52. Kf1
Rb2 53. Ba5 gxh3 54. gxh3 Rb3 55. h4 Bf6 56. Re8+ Kd7 57. Re4 d5 58. Rf4 Ke6
59. Kg2 Be5 60. Rf3 Rb2+ 61. Rf2 Rb5 62. Bd8 Rb4 63. Ra2 Rg4+ 64. Kf3 Rg3+ 65.
Kf2 Kf5 66. Ra5 Ke4 67. Ra4+ d4 68. Ra5 Rf3+ 69. Kg2 Rf5 70. Ra4 Bf6 71. Bb6
Kd3 72. Ra5 Be5 73. Rc5 Ke4 74. Rc4 Rf6 75. Ba7 Ra6 76. Bc5 Kd5 77. Rc1 Rf6 78.
Be7 Rf7 79. Rc5+ Ke4 80. Bd8 d3 81. Ba5 Rg7+ 82. Kf1 Rb7 83. Rc4+ Ke3 84. Rb4
d2 0-1

[Event "XX Festival A"]
[Site "Porto San Giorgio ITA"]
[Date "2008.08.25"]
[Round "5"]
[White "Buono, Michele"]
[Black "Lucchi, Lorenzo"]
[Result "1-0"]
[WhiteElo "2194"]
[BlackElo "2051"]
[PlyCount "63"]
[EventDate "2008.08.21"]

1. e4 d6 2. Nc3 Nf6 3. Bc4 g6 4. d3 Bg7 5. f4 O-O 6. Nf3 c6 7. O-O d5 8. Bb3
Na6 9. e5 Nd7 10. d4 e6 11. Ne2 c5 12. c3 Nb6 13. Bc2 Bd7 14. b3 Bb5 15. Ba3
Rc8 16. Rc1 Re8 17. g4 Qd7 18. h4 c4 19. Bb1 cxb3 20. axb3 Bh6 21. Ng5 Rc6 22.
Rf3 Bf8 23. Bxf8 Bxe2 24. Qxe2 Rxf8 25. f5 Qe7 26. Rcf1 exf5 27. gxf5 Rcc8 28.
fxg6 fxg6 29. Rf7 Rxf7 30. Rxf7 Qa3 31. Qf1 Rxc3 32. Rg7+ 1-0

[Event "XX Festival A"]
[Site "Porto San Giorgio ITA"]
[Date "2008.08.25"]
[Round "5"]
[White "Calandri, Fausto"]
[Black "Andonov, Bogomil"]
[Result "0-1"]
[WhiteElo "2138"]
[BlackElo "2326"]
[PlyCount "100"]
[EventDate "2008.08.21"]

1. e4 c6 2. d4 d5 3. Nd2 dxe4 4. Nxe4 Bf5 5. Ng3 Bg6 6. h4 h6 7. Nf3 e6 8. h5
Bh7 9. Bd3 Bxd3 10. Qxd3 Nf6 11. Bd2 c5 12. Ne4 Nc6 13. Bc3 Nb4 14. Nxf6+ gxf6
15. Qe2 Nd5 16. Bd2 cxd4 17. Nxd4 Qb6 18. Nb3 a5 19. a4 f5 20. Qb5+ Qxb5 21.
axb5 b6 22. Ra4 Rc8 23. c3 Rg8 24. g3 Rg4 25. Rh4 Rxa4 26. Rxa4 e5 27. Ke2 Kd7
28. Kd3 Ke6 29. Be3 Rd8 30. Ke2 Nxe3 31. fxe3 Be7 32. g4 fxg4 33. Rxg4 Rd5 34.
c4 Rd7 35. Rg8 a4 36. Nd2 Kf5 37. Ra8 Bb4 38. Nf1 Rc7 39. Kd3 e4+ 40. Ke2 Rxc4
41. Rxa4 Rc2+ 42. Kd1 Rxb2 43. Ng3+ Ke5 44. Kc1 Rb3 45. Nxe4 Kxe4 46. Kc2 Rc3+
47. Kb2 Rc4 48. Kb3 Kd3 49. Ra7 Rh4 50. Rxf7 Bc5 0-1

[Event "XX Festival A"]
[Site "Porto San Giorgio ITA"]
[Date "2008.08.25"]
[Round "5"]
[White "Calavalle, Giulio"]
[Black "Suppa, Ercole"]
[Result "1-0"]
[WhiteElo "2231"]
[BlackElo "2119"]
[PlyCount "111"]
[EventDate "2008.08.21"]

1. e4 e6 2. Qe2 c5 3. f4 Nc6 4. Nf3 d5 5. exd5 Qxd5 6. Nc3 Qd8 7. d3 Nf6 8. g3
Be7 9. Bd2 Nd4 10. Nxd4 cxd4 11. Ne4 Bd7 12. Bg2 O-O 13. O-O Nxe4 14. Bxe4 Bc6
15. Bxc6 bxc6 16. f5 exf5 17. Rxf5 Rb8 18. b3 Rb5 19. Qg4 Rxf5 20. Qxf5 g6 21.
Qe4 Qd7 22. Re1 Ba3 23. Bh6 Rc8 24. Bg5 Bf8 25. Qe5 Bg7 26. Qe7 Qd5 27. Re2 h6
28. Bd2 a5 29. a4 Bf8 30. Qe5 Bb4 31. Bxb4 axb4 32. Re4 Qxe5 33. Rxe5 Kf8 34.
Kf2 f6 35. Re4 c5 36. Re6 Kf7 37. Rb6 Ke7 38. Rb7+ Ke6 39. Rg7 Kf5 40. Rb7 Ke5
41. Re7+ Kf5 42. Rb7 Ke5 43. Rb6 h5 44. Kf3 Rc7 45. a5 g5 46. h4 gxh4 47. gxh4
f5 48. Rb5 Kd5 49. Kf4 Rg7 50. a6 Kc6 51. Ra5 Ra7 52. Kxf5 Kb6 53. Ra4 Rxa6 54.
Rxa6+ Kxa6 55. Kg6 Kb5 56. Kxh5 1-0

[Event "XX Festival A"]
[Site "Porto San Giorgio ITA"]
[Date "2008.08.25"]
[Round "5"]
[White "Dann, Timothy"]
[Black "Bianchi, Alberto"]
[Result "1/2-1/2"]
[WhiteElo "2137"]
[BlackElo "2004"]
[PlyCount "86"]
[EventDate "2008.08.21"]

1. e4 e5 2. Nc3 Nc6 3. f4 exf4 4. Nf3 Nge7 5. d4 Ng6 6. Bc4 Be7 7. O-O d6 8.
Ne2 O-O 9. Nxf4 Nxf4 10. Bxf4 Bg4 11. c3 Bh5 12. Qd2 Bg6 13. Rae1 Qd7 14. b4
Nd8 15. Bg3 b5 16. Bb3 a5 17. a3 c6 18. Nh4 Bxh4 19. Bxh4 axb4 20. axb4 Ra3 21.
Qb2 Ra8 22. Bg3 d5 23. exd5 cxd5 24. Ra1 Ne6 25. Rxa8 Rxa8 26. Ra1 Rc8 27. Ra6
Be4 28. h3 h6 29. Qa1 Ng5 30. Ra2 Qc6 31. Be1 Qg6 32. Kh2 Ne6 33. Bg3 h5 34.
Be5 f6 35. Bd6 f5 36. Be5 f4 37. Qe1 Rf8 38. Bd1 Ng5 39. Ra7 Nf7 40. Qf2 Nxe5
41. dxe5 Qf5 42. e6 Qxe6 43. Bxh5 Qe5 1/2-1/2

[Event "XX Festival A"]
[Site "Porto San Giorgio ITA"]
[Date "2008.08.25"]
[Round "5"]
[White "Della Corte, Alessandro"]
[Black "Boscolo, Marco"]
[Result "1-0"]
[WhiteElo "2247"]
[BlackElo "2071"]
[PlyCount "39"]
[EventDate "2008.08.21"]

1. e4 d5 2. exd5 Qxd5 3. Nf3 Bg4 4. Be2 Nc6 5. d4 e6 6. O-O Nf6 7. c4 Qd7 8.
Be3 O-O-O 9. Nc3 Bxf3 10. Bxf3 Nxd4 11. Bxd4 Qxd4 12. Qa4 Qb6 13. b4 Be7 14. c5
Qa6 15. Qc2 Qd3 16. Qb3 Qf5 17. Qa4 Nd5 18. Qxa7 c6 19. Nxd5 exd5 20. b5 1-0

[Event "XX Festival A"]
[Site "Porto San Giorgio ITA"]
[Date "2008.08.25"]
[Round "5"]
[White "Erdos, Viktor"]
[Black "Voiska, Margarita"]
[Result "1-0"]
[WhiteElo "2576"]
[BlackElo "2296"]
[PlyCount "39"]
[EventDate "2008.08.21"]

1. d4 d5 2. Nf3 Nf6 3. c4 c6 4. Nc3 a6 5. Bg5 dxc4 6. a4 h6 7. Bh4 b5 8. e4 b4
9. Na2 Nxe4 10. Bxc4 Nd6 11. Bb3 g6 12. Ne5 Bg7 13. Qf3 Bxe5 14. dxe5 Nf5 15.
g4 Nd7 16. Bg3 Nc5 17. Qxc6+ Qd7 18. Qxc5 Nd4 19. Rd1 Nxb3 20. Qb6 1-0

[Event "XX Festival A"]
[Site "Porto San Giorgio ITA"]
[Date "2008.08.25"]
[Round "5"]
[White "Estremera Panos, Sergio"]
[Black "Vezzani, Stefano"]
[Result "1/2-1/2"]
[WhiteElo "2394"]
[BlackElo "2161"]
[PlyCount "56"]
[EventDate "2008.08.21"]

1. Nf3 f5 2. c4 Nf6 3. g3 g6 4. Bg2 Bg7 5. O-O O-O 6. d4 d6 7. d5 a5 8. Nd4 Na6
9. Nc3 Nc5 10. Rb1 e5 11. dxe6 c6 12. b3 Bxe6 13. Nxe6 Nxe6 14. Ba3 Ne8 15. Rc1
Qe7 16. e3 Rd8 17. Qd2 Nf6 18. Rcd1 Nc5 19. Qc2 Rfe8 20. Rd2 Ng4 21. Bb2 Ne5
22. Rfd1 Nf7 23. h3 Qe6 24. Kh2 Ne4 25. Nxe4 fxe4 26. Bxg7 Kxg7 27. Qc3+ Qe5
28. Qxe5+ Rxe5 1/2-1/2

[Event "XX Festival A"]
[Site "Porto San Giorgio ITA"]
[Date "2008.08.25"]
[Round "5"]
[White "Giancotti, Eraldo"]
[Black "Bontempi, Piero"]
[Result "1-0"]
[WhiteElo "2092"]
[BlackElo "2374"]
[PlyCount "69"]
[EventDate "2008.08.21"]

1. Nf3 d5 2. g3 Nc6 3. Bg2 e5 4. d3 Nf6 5. O-O Be7 6. Nc3 O-O 7. e4 d4 8. Ne2
Be6 9. Ng5 Bd7 10. f4 Ng4 11. Nf3 f6 12. h3 Ne3 13. Bxe3 dxe3 14. c3 Be6 15. d4
exd4 16. cxd4 Bc4 17. d5 Nb4 18. a3 Nd3 19. Qc2 Ba6 20. Nfd4 Qd7 21. Rf3 c5 22.
dxc6 bxc6 23. Rxe3 c5 24. Nf5 Bd8 25. Kh2 g6 26. Nh6+ Kg7 27. Ng4 Rb8 28. Rd1
c4 29. e5 Qf7 30. Rb1 f5 31. e6 Qe8 32. e7 Bxe7 33. Qc3+ Bf6 34. Nxf6 Qxe3 35.
Nd5+ 1-0

[Event "XX Festival A"]
[Site "Porto San Giorgio ITA"]
[Date "2008.08.25"]
[Round "5"]
[White "Granaldi, Alessandro"]
[Black "Borgiani, Flavio"]
[Result "1-0"]
[WhiteElo "2082"]
[BlackElo "2215"]
[PlyCount "73"]
[EventDate "2008.08.21"]

1. e4 d6 2. d4 f5 3. Nc3 Nf6 4. Bd3 Nc6 5. Nf3 fxe4 6. Nxe4 Bg4 7. c3 Nxe4 8.
Bxe4 d5 9. Bd3 e5 10. dxe5 Nxe5 11. Be2 Bxf3 12. Bxf3 c6 13. O-O Bd6 14. Bh5+
g6 15. f4 Nd7 16. Re1+ Kf7 17. Be3 Re8 18. Kh1 Nf6 19. Bf3 Kg8 20. Qb3 Qc7 21.
g3 Qf7 22. Re2 b6 23. Rae1 Bf8 24. Bd4 Bg7 25. Be5 Nd7 26. Bxg7 Kxg7 27. c4
Rxe2 28. Rxe2 d4 29. Bxc6 Nc5 30. Qf3 Rd8 31. Bd5 Qf6 32. b4 d3 33. Rd2 Qc3 34.
Qe3 Qxb4 35. Qe7+ Kh6 36. g4 Rxd5 37. Qf8# 1-0

[Event "XX Festival A"]
[Site "Porto San Giorgio ITA"]
[Date "2008.08.25"]
[Round "5"]
[White "Hera, Imre jr"]
[Black "Fercec, Nenad"]
[Result "1/2-1/2"]
[WhiteElo "2518"]
[BlackElo "2486"]
[PlyCount "48"]
[EventDate "2008.08.21"]

1. Nf3 d5 2. d4 Nc6 3. c4 Bg4 4. Nc3 e6 5. cxd5 exd5 6. Bf4 Bd6 7. Qd2 Nge7 8.
Bxd6 Qxd6 9. e3 Bxf3 10. gxf3 O-O-O 11. f4 Kb8 12. O-O-O Nf5 13. Kb1 Nce7 14.
Bd3 h6 15. Rc1 c6 16. Rhg1 Qf6 17. Na4 g5 18. Rg4 b6 19. Qb4 Ka8 20. Qa3 Rb8
21. Nc3 Qe6 22. fxg5 hxg5 23. Rxg5 Rxh2 24. Nd1 Rh1 1/2-1/2

[Event "XX Festival A"]
[Site "Porto San Giorgio ITA"]
[Date "2008.08.25"]
[Round "5"]
[White "Jovanic, Ognjen"]
[Black "Navarro, Stefano"]
[Result "1-0"]
[WhiteElo "2493"]
[BlackElo "2259"]
[PlyCount "83"]
[EventDate "2008.08.21"]

1. d4 d5 2. c4 e6 3. Nc3 Nf6 4. cxd5 exd5 5. Bg5 Be7 6. e3 c6 7. Qc2 Nbd7 8.
Bd3 O-O 9. Nf3 Re8 10. h3 Nf8 11. Bf4 Ng6 12. Bh2 Bd6 13. Bxd6 Qxd6 14. O-O-O
b5 15. Kb1 a5 16. g4 Nf8 17. g5 N6d7 18. h4 Nb6 19. Rdg1 a4 20. Ne2 b4 21. Ne5
Bd7 22. Rc1 Rac8 23. f4 Rc7 24. h5 Rb8 25. Qc5 Qxc5 26. dxc5 Nc8 27. Nd4 Na7
28. f5 Be8 29. f6 Ne6 30. fxg7 Nxd4 31. exd4 Kxg7 32. h6+ Kh8 33. Rce1 Nb5 34.
Bxb5 Rxb5 35. Kc1 Rb8 36. Rhf1 Rbc8 37. Kd2 Kg8 38. Rf6 Re7 39. Rd6 Re6 40.
Rxe6 fxe6 41. Rf1 Rc7 42. Rf6 1-0

[Event "XX Festival A"]
[Site "Porto San Giorgio ITA"]
[Date "2008.08.25"]
[Round "5"]
[White "Lantini, Marco"]
[Black "Tribuiani, Renato"]
[Result "1-0"]
[WhiteElo "2212"]
[BlackElo "2065"]
[PlyCount "79"]
[EventDate "2008.08.21"]

1. d4 d5 2. c4 e6 3. Nf3 c6 4. Qc2 Nf6 5. Nbd2 Nbd7 6. g3 b6 7. Bg2 Bb7 8. O-O
Be7 9. e4 dxe4 10. Nxe4 Nxe4 11. Qxe4 Nf6 12. Qc2 O-O 13. Rd1 Qc8 14. a3 c5 15.
dxc5 Bxc5 16. b4 Be7 17. Bb2 Be4 18. Qe2 Qb7 19. Rd4 Rad8 20. Re1 Rxd4 21. Bxd4
Bc6 22. b5 Bxf3 23. Bxf3 Qd7 24. Rd1 Qc8 25. Bc6 Rd8 26. a4 Nd7 27. a5 Nc5 28.
a6 Qc7 29. Be3 Rxd1+ 30. Qxd1 Qd6 31. Qf3 Qc7 32. Be8 Bd8 33. Qa8 Nd3 34. Bc6
Nb2 35. Bf4 Qe7 36. c5 Nc4 37. Bb8 Qxc5 38. Bc7 Qd4 39. Qxd8+ Qxd8 40. Bxd8 1-0

[Event "XX Festival A"]
[Site "Porto San Giorgio ITA"]
[Date "2008.08.25"]
[Round "5"]
[White "Longo, Enrico"]
[Black "Saccona, Silvano"]
[Result "0-1"]
[WhiteElo "1931"]
[BlackElo "2168"]
[PlyCount "74"]
[EventDate "2008.08.21"]

1. e4 c6 2. d4 d5 3. Nc3 dxe4 4. Nxe4 Nf6 5. Nxf6+ exf6 6. Bc4 Bd6 7. Ne2 Qc7
8. h3 O-O 9. O-O Re8 10. c3 Nd7 11. Qc2 Nf8 12. Re1 Ng6 13. Bd2 Bd7 14. b4 Qc8
15. Ng3 Rf8 16. Bd3 Bb8 17. Re2 a5 18. c4 Bc7 19. bxa5 Bxa5 20. Bxa5 Rxa5 21.
Bxg6 hxg6 22. Kh2 f5 23. f4 Be6 24. Rc1 Rd8 25. Qb2 Qa8 26. Qb6 Ra6 27. Qb2 Qa7
28. Rb1 Bxc4 29. Re7 Rxa2 30. Qxb7 Qxb7 31. Rexb7 Bd5 32. Rg1 c5 33. Re7 cxd4
34. Ne2 Kf8 35. Re5 f6 36. Rxd5 Rxd5 37. Re1 Rd7 0-1

[Event "XX Festival A"]
[Site "Porto San Giorgio ITA"]
[Date "2008.08.25"]
[Round "5"]
[White "Massironi, Marco"]
[Black "Lombardo, Michele"]
[Result "1-0"]
[WhiteElo "2145"]
[BlackElo "2009"]
[PlyCount "100"]
[EventDate "2008.08.21"]

1. e4 g6 2. d4 c6 3. Nc3 d5 4. e5 Bg7 5. f4 h5 6. Nf3 Nh6 7. Be3 a6 8. h3 Bf5
9. Be2 Nd7 10. Ng5 Qb6 11. b3 f6 12. g4 fxg5 13. fxg5 Nxg4 14. hxg4 hxg4 15.
Rxh8+ Bxh8 16. Na4 Qa5+ 17. Bd2 Qc7 18. Bf4 Qa5+ 19. Bd2 Qc7 20. Bxg4 Bxg4 21.
Qxg4 Bxe5 22. O-O-O Bd6 23. Nc5 Bxc5 24. dxc5 Qe5 25. Kb1 O-O-O 26. Re1 Qf5 27.
Qxf5 gxf5 28. Rxe7 Nxc5 29. g6 Rg8 30. g7 Ne6 31. Rxe6 Rxg7 32. Rf6 Rg2 33. Bf4
Rf2 34. Rxf5 Kd7 35. Rf8 c5 36. Bd6 Rxf8 37. Bxf8 Kc6 38. Kc1 Kb5 39. Kd2 b6
40. c3 a5 41. a4+ Kc6 42. c4 d4 43. Kd3 Kb7 44. Ke4 Kc6 45. Bh6 Kd6 46. Bf4+
Kc6 47. Ke5 Kc7 48. Ke6+ Kc6 49. Ke7 Kb7 50. Kd7 Ka7 1-0

[Event "XX Festival A"]
[Site "Porto San Giorgio ITA"]
[Date "2008.08.25"]
[Round "5"]
[White "Mrdja, Milan"]
[Black "Rotoni, Matteo"]
[Result "1-0"]
[WhiteElo "2409"]
[BlackElo "2089"]
[PlyCount "49"]
[EventDate "2008.08.21"]

1. e4 e6 2. Qe2 Be7 3. Nf3 d5 4. e5 c5 5. g3 Nc6 6. Bg2 Nh6 7. d3 Nf5 8. c3 b5
9. g4 Nh4 10. Nxh4 Bxh4 11. O-O O-O 12. Nd2 Bb7 13. f4 Be7 14. Nf3 b4 15. f5 a5
16. Bf4 a4 17. cxb4 a3 18. b3 Nxb4 19. Rad1 d4 20. f6 gxf6 21. Bh6 Re8 22. exf6
Bxf6 23. Qf2 Qc7 24. Nd2 Bxg2 25. Qxf6 1-0

[Event "XX Festival A"]
[Site "Porto San Giorgio ITA"]
[Date "2008.08.25"]
[Round "5"]
[White "Naumkin, Igor"]
[Black "Stromboli, Carlo"]
[Result "1-0"]
[WhiteElo "2502"]
[BlackElo "2263"]
[PlyCount "45"]
[EventDate "2008.08.21"]

1. d4 Nf6 2. c4 g6 3. Nc3 d5 4. cxd5 Nxd5 5. e4 Nxc3 6. bxc3 Bg7 7. Bc4 O-O 8.
Ne2 Nc6 9. O-O Na5 10. Bd3 b6 11. Bg5 Qd7 12. Qd2 Re8 13. Bh6 Bh8 14. Rad1 Qa4
15. Nf4 Bb7 16. e5 e6 17. Rfe1 Nc6 18. Nh5 Ne7 19. Qg5 Qc6 20. f3 Nf5 21. Be4
Qxc3 22. Bxf5 f6 23. Nxf6+ 1-0

[Event "XX Festival A"]
[Site "Porto San Giorgio ITA"]
[Date "2008.08.25"]
[Round "5"]
[White "Ortega, Lexy"]
[Black "Ruggeri, Pietro"]
[Result "1-0"]
[WhiteElo "2456"]
[BlackElo "2093"]
[PlyCount "79"]
[EventDate "2008.08.21"]

1. Nf3 Nf6 2. d4 b6 3. c4 e6 4. e3 Bb7 5. Bd3 Bb4+ 6. Nbd2 Be4 7. Be2 Bg6 8.
Ne5 O-O 9. O-O c6 10. Ndf3 Be7 11. Nxg6 hxg6 12. Bd3 d5 13. cxd5 Nxd5 14. e4
Nb4 15. Bc4 a5 16. a3 N4a6 17. Qe2 b5 18. Ba2 Nd7 19. d5 exd5 20. exd5 cxd5 21.
Bxd5 Rb8 22. Rd1 Rb6 23. Be3 Bc5 24. b4 Bxe3 25. Qxe3 Rf6 26. Bb3 Nab8 27. Ng5
Rf5 28. h4 a4 29. Ba2 Qf6 30. Rac1 Ne5 31. Qg3 Rf4 32. Rc5 Nbd7 33. Rcd5 Rg4
34. Qh3 Qf4 35. Qe3 Qf5 36. g3 Re8 37. Rxd7 Rxg5 38. Rxf7 Nxf7 39. Qxe8+ Kh7
40. Bxf7 1-0